<?xml version="1.0" encoding="UTF-8"?>
<record
    xmlns:xsi="http://www.w3.org/2001/XMLSchema-instance"
    xsi:schemaLocation="http://www.loc.gov/MARC21/slim http://www.loc.gov/standards/marcxml/schema/MARC21slim.xsd"
    xmlns="http://www.loc.gov/MARC21/slim">

  <leader>01838nam a2200229Ia 4500</leader>
  <controlfield tag="001">c183-47510 </controlfield>
  <controlfield tag="003">IT-MiCISF</controlfield>
  <controlfield tag="008">161014s9999||||xx |||||||||||||| ||und||</controlfield>
  <datafield tag="040" ind1=" " ind2=" ">
    <subfield code="a">IT-MiCISF</subfield>
    <subfield code="c">IT-MiCISF</subfield>
  </datafield>
  <datafield tag="041" ind1=" " ind2=" ">
    <subfield code="a">it</subfield>
  </datafield>
  <datafield tag="100" ind1=" " ind2=" ">
    <subfield code="a">Menazza Cristina</subfield>
  </datafield>
  <datafield tag="245" ind1=" " ind2="0">
    <subfield code="a">Parent training nell'autismo</subfield>
    <subfield code="b">Programma per la formazione e il supporto dei genitori</subfield>
  </datafield>
  <datafield tag="250" ind1=" " ind2=" ">
    <subfield code="a">1a ed.</subfield>
  </datafield>
  <datafield tag="260" ind1=" " ind2=" ">
    <subfield code="a"> Gardolo (TN)</subfield>
    <subfield code="b">Erickson</subfield>
    <subfield code="c">2010</subfield>
  </datafield>
  <datafield tag="300" ind1=" " ind2=" ">
    <subfield code="a">pp. 114</subfield>
  </datafield>
  <datafield tag="500" ind1=" " ind2=" ">
    <subfield code="a"> / disturbi-sviluppo, educazione-genitori, progetto, esperienze / La cura e la crescita di un bambino con autismo richiede ai genitori l'acquisizione di specifiche competenze utili a comprendere i bisogni del figlio e a evitare involontari errori educativi che potrebbero da una parte rinforzare alcuni comportamenti-problema e dall'altra generare sentimenti di inadeguatezza e frustrazione. Il programma di parent training presentato in questo libro consiste di 9 incontri pensati per fornire sostegno psicologico alle famiglie con un bambino autistico, con l'intento di creare per loro uno spazio di condivisione emotiva dove possano esprimere i loro timori, esperienze e speranze. Prevede un approfondimento degli aspetti psicoeducativi e fornisce indicazioni pratiche per insegnare a mettere in pratica correttamente le tecniche di intervento. Con l'aiuto di questionari, schede informative sull'autismo e schede di lavoro fotocopiabili, esso intende inoltre sostenerli e incoraggiarli a prendersi cura di se stessi, a non rinunciare ai propri spazi, ai propri interessi e alle amicizie, a superare i sensi di colpa e le paure, traendone beneficio per s&#xE9;, e di conseguenza anche per i loro figli.</subfield>
  </datafield>
  <datafield tag="650" ind1=" " ind2=" ">
    <subfield code="a"> Genitorialit&#xE0; e problemi educativi / educazione</subfield>
    <subfield code="e">004</subfield>
  </datafield>
  <datafield tag="700" ind1=" " ind2=" ">
    <subfield code="a">Bacci Barbara</subfield>
  </datafield>
  <datafield tag="700" ind1=" " ind2=" ">
    <subfield code="a">Vio Claudio</subfield>
  </datafield>
  <datafield tag="942" ind1=" " ind2=" ">
    <subfield code="c">BK</subfield>
  </datafield>
  <datafield tag="957" ind1=" " ind2=" ">
    <subfield code="7">1</subfield>
  </datafield>
  <datafield tag="999" ind1=" " ind2=" ">
    <subfield code="a">47510</subfield>
    <subfield code="b">si</subfield>
    <subfield code="g">1</subfield>
    <subfield code="c">209498</subfield>
    <subfield code="d">209498</subfield>
  </datafield>
  <datafield tag="952" ind1=" " ind2=" ">
    <subfield code="0">0</subfield>
    <subfield code="1">0</subfield>
    <subfield code="4">0</subfield>
    <subfield code="6">C_18347510</subfield>
    <subfield code="7">1</subfield>
    <subfield code="a">CISF</subfield>
    <subfield code="b">CISF</subfield>
    <subfield code="d">2016-10-14</subfield>
    <subfield code="l">0</subfield>
    <subfield code="o">c183-47510 </subfield>
    <subfield code="r">2016-10-14 00:00:00</subfield>
    <subfield code="w">2016-10-14</subfield>
    <subfield code="y">BK</subfield>
    <subfield code="z">Data import 15.10.2016 / by Epidotti, Vaglietti</subfield>
  </datafield>
</record>
